000 00515nam a2200157 4500
001 111074
003 ES-MaACL
005 20230906185232.0
007 t|
008 061121s1958 sp r ||||1| spa d
100 1 _aNávez, Fernand.
_985229
245 1 0 _aPráctica del motor Diesel para conductores y mecánicos /
_cF. Návez; versión del francés notablemente ampl. por el autor.
260 _aBarcelona :
_bGustavo Gili,
_c1958.
300 _a300 p. :
_bil. ;
_c21 cm.
852 _aES-MaACL
_jC-14469
_bR.42298
999 _c111074
_d111074